| 000 | 01361nam a2200325 i 4500 | ||
|---|---|---|---|
| 003 | EG-GICUC | ||
| 005 | 20260314085858.0 | ||
| 008 | 260125s1967 ua |||fr|||| 00| 0 ara d | ||
| 040 |
_a EG-GICUC _bara _c EG-GICUC _d EG-GICUC _erda |
||
| 041 | 0 | _aAra | |
| 082 | 0 | 4 |
_221 _a343.16331 _bع ب . ق |
| 092 | 0 | 4 | _221 |
| 099 | _aLaw1 10 343.16331 ع ب . ق 1967 | ||
| 100 | 0 |
_aعبدالفتاح مصطفى الصيفى _eمؤلف. |
|
| 245 | 1 | 2 |
_aالقاعدة الجنائية : _bدراسة تحليلية لها على ضوء الفقه الجنائى الإسلامى/ _cتأليف دكتور عبدالفتاح مصطفى الصيفى. |
| 264 | 1 |
_aبيروت : _aلبنان، _bالشركة الشرقية. _c1967. |
|
| 264 | 3 | _bمطابع مؤسسة الأهرام | |
| 300 |
_a450 صفحة؛ _c24 سم. _bإيضاحيات، صور، مثيليات ؛ |
||
| 336 |
_2rda content _atext |
||
| 337 |
_2rda media _aComputer |
||
| 338 |
_2rda carrier _aOnline Resource |
||
| 504 | _a. 240-220 ببليوجرافيا: صفحات. | ||
| 546 | _aالنص باللغة العربية | ||
| 650 | 1 |
_aالقواعد العامة فى تطبيق العقوبات _2qrmak |
|
| 650 | 1 |
_aالقانون الجنائى _2qrmak |
|
| 651 | 1 | _2qrmak | |
| 856 | 4 | 0 | _uhttps://fll.law.cu.edu.eg/fulltext/bks/B10-08116.pdf |
| 905 | _a54 | ||
| 942 |
_2ddc _cBK _e21 _n0 |
||
| 999 |
_c59213 _d59213 |
||